Postacie z the binding of isaac - Statystyki

Ogólne statystyki
  • Ten quiz został rozwiązany 286 razy
  • Średni wynik to 15 z 20
Statystyki odpowiedzi
Odpowiedź % Poprawnych
Isaac
100%
Cain
95%
Azazel
92%
Magdalene
91%
The lost
89%
Jacob
87%
Judas
87%
Blue Baby
85%
Eve
84%
Samson
83%
Keeper
82%
Forgotten
78%
Bethany
75%
Eden
72%
Lilith
72%
Lazarus
67%
Esau
65%
Apollyon
57%
Dark Judas
19%
Lazarus Risen
10%
Nie znaleziono quizów pasujących do podanych kryteriów
Rozkład punktacji
Procent ludzi z każdym wynikiem
Percentyl według liczby udzielonych odpowiedzi
Twoja historia wyników
Nie rozwiązałeś tego quizu